000
00249nam a2200097Ia 4500
001
645145
005
20250826153618.0
008
250824s9999 xx 000 0 und d
245
0
_a
CAM KENT 1 NEW YORK ÜÇLEMESİ
_c
PAUL AUSTER
260
_b
CAN YAYINLARI
999
_c
645145
_d
645145